[Event "Wloclawek CC Classic 19th"]
[Site "Wloclawek"]
[Date "2017.??.??"]
[Round "4"]
[White "Milewski, Miroslaw"]
[Black "Owczarzak, Maciej"]
[Result "0-1"]
[WhiteElo "1600"]
[BlackElo "1299"]
[PlyCount "38"]
[EventDate "2017.06.??"]
[EventType "swiss"]
[EventRounds "7"]
[EventCountry "POL"]
[SourceTitle "EXT 2021"]
[Source "ChessBase"]
[SourceDate "2020.10.23"]
[SourceVersion "1"]
[SourceVersionDate "2020.10.23"]
[SourceQuality "1"]

1. e4 c5 2. c3 d5 3. exd5 Qxd5 4. d4 Nc6 5. Be3 cxd4 6. cxd4 Nf6 7. Nc3 Qa5 8. Nge2 Bf5 9. a3 e6 10. f3 Bd6 11. b4 Qd8 12. d5 exd5 13. Nxd5 Nxd5 14. Qxd5 Bxb4+ 15. axb4 Qxd5 16. Rd1 Qe6 17. Nf4 Qxe3+ 18. Ne2 Nxb4 19. Rd2 Nd3+ 0-1